Heat loss and condensation in northern residential construction /

Bibliographic Details
Main Author: Carlson, Axel R.
Corporate Author: University of Alaska (System). Cooperative Extension Service
Format: Microform Book
Language:English
Published: [Fairbanks] : Cooperative Extension Service, University of Alaska, [1972]
Series:Building in Alaska ; 558.
Energy and agriculture ; CNV 475.
Subjects:

MARC

Tag First Indicator Second Indicator Subfields
LEADER 00000cam a2200000La 4500
001 in00001011021
005 20150927223830.0
007 he amb024baca
007 he umb---buca
008 820624r19811972ncua b s00010 eng d
035 |a (OCoLC)16789427 
035 |9 AFE0687AM 
037 |a CL0091000001  |b University Microfilms International 
037 |b University Microfilms International, 300 N. Zeeb Rd., Ann Arbor, MI 48106 
040 |a UMI  |c UMI  |d UtOrBLW 
043 |a n-us-ak 
049 |a TXAI 
099 |a fiche  |a S  |a 104  |a CNV 475 
100 1 |a Carlson, Axel R. 
245 1 0 |a Heat loss and condensation in northern residential construction /  |c by Axel R. Carlson. 
264 1 |a [Fairbanks] :  |b Cooperative Extension Service, University of Alaska,  |c [1972] 
300 |a 4 pages :  |b illustrations ;  |c 28 cm. 
336 |a text  |b txt  |2 rdacontent 
337 |a microform  |b h  |2 rdamedia 
338 |a microfiche  |b he  |2 rdacarrier 
490 1 |a Building in Alaska ;  |v P-558 
500 |a Caption title. 
533 |a Microfiche.  |b Sanford, N.C. :  |c Microfilming Corp. of America,  |d 1981.  |e 1 sheet ; 11 x 15 cm.  |f (Energy and agriculture ; CNV 475) 
500 |a Microform. 
650 0 |a Building  |z Alaska. 
650 0 |a Dwellings  |z Alaska  |x Insulation. 
650 0 |a Architecture and energy conservation  |z Alaska. 
710 2 |a University of Alaska (System).  |b Cooperative Extension Service. 
830 0 |a Building in Alaska ;  |v 558. 
830 0 |a Energy and agriculture ;  |v CNV 475. 
999 |a MARS 
999 f f |s 34e78266-1b93-3fb5-a54e-25be4f559312  |i 8292b1fc-cd7d-387f-baaf-25126abdbbab  |t 0 
952 f f |p default  |a Texas A&M University  |b College Station  |c Sterling C. Evans Library  |d Evans: Microforms (3rd floor)  |t 0  |e fiche S 104 CNV 475  |h Other scheme  |i microform -- microfiche 
998 f f |a fiche S 104 CNV 475  |t 0  |l Evans: Microforms (3rd floor)